[Event "February Lviv Tradition (IM-Group)"]
[Site "Lviv"]
[Date "2020.02.20"]
[Round "6.2"]
[White "Kagramanianz, Vartan"]
[Black "Bognar, Csaba Dr"]
[Result "1/2-1/2"]
[WhiteElo "2238"]
[BlackElo "2128"]
[PlyCount "62"]
[EventDate "2020.02.17"]
[EventType "tourn"]
[EventRounds "9"]
[EventCountry "UKR"]
[EventCategory "1"]

1. d4 Nf6 2. Bf4 g6 3. Nc3 Bg7 4. e4 d6 5. Qd2 c6 6. f3 Nbd7 7. O-O-O O-O 8. e5
Nd5 9. Nxd5 cxd5 10. exd6 e6 11. h4 Nf6 12. Bh6 Qxd6 13. h5 Bxh6 14. Qxh6 Nxh5
15. Kb1 f5 16. g4 fxg4 17. Bd3 Rf7 18. Bxg6 hxg6 19. fxg4 Qf4 20. Qxg6+ Ng7 21.
Qh7+ Kf8 22. Nh3 Qxg4 23. Rdg1 Qh5 24. Qd3 Qf5 25. Qa3+ Ke8 26. Ng5 Rf8 27. Nh7
Rf7 28. Ng5 Rf8 29. Nh7 Rf7 30. Ng5 Rf8 31. Nh7 Rf7 $11 1/2-1/2

[Event "February Lviv Tradition (IM-Group)"]
[Site "Lviv"]
[Date "2020.02.20"]
[Round "6.3"]
[White "Sydoryka, Vladyslav"]
[Black "Malynovskyi, Rostyslav"]
[Result "1-0"]
[WhiteElo "2318"]
[BlackElo "2238"]
[PlyCount "133"]
[EventDate "2020.02.17"]
[EventType "tourn"]
[EventRounds "9"]
[EventCountry "UKR"]
[EventCategory "1"]

1. c4 e5 2. g3 c6 3. Nf3 e4 4. Nd4 d5 5. d3 Bc5 6. Nb3 Bb4+ 7. Bd2 Bxd2+ 8.
Qxd2 dxc4 9. dxc4 f5 10. Qxd8+ Kxd8 11. Nc3 Nf6 12. f3 Re8 13. Bg2 exf3 14.
O-O-O+ Kc7 15. exf3 Na6 16. Rhe1 Bd7 17. Bf1 Rxe1 18. Rxe1 Re8 19. Rd1 g6 20.
a3 Be6 21. Kc2 Bf7 22. h3 Nh5 23. g4 Nf4 24. Rd4 Ne6 25. Rd2 Nf4 26. Rd4 Ne6
27. Rd2 Nf4 28. h4 Re1 29. Rf2 Nb8 30. Kd2 Re5 31. Nc1 Nd7 32. Nd3 Nxd3 33.
Bxd3 Nc5 34. Re2 Kd6 35. gxf5 gxf5 36. b4 Nxd3 37. Kxd3 Bh5 38. Kd4 Rxe2 39.
Nxe2 Bxf3 40. Nf4 b6 41. c5+ Kc7 42. Ke5 Kb7 43. Ne6 a5 44. bxa5 b5 45. Ng5 Bd5
46. Nxh7 Ka6 47. Ng5 Kxa5 48. h5 Ka4 49. Ne6 Bxe6 50. Kxe6 f4 51. h6 f3 52. h7
f2 53. h8=Q f1=Q 54. Qa8+ Kb3 55. Qxc6 Kxa3 56. Qa6+ Kb4 57. c6 Qc4+ 58. Kd6
Qf4+ 59. Kd7 Qf7+ 60. Kc8 Kc5 61. c7 Qe8+ 62. Kb7 Qe4+ 63. Ka7 Qe7 64. Qb7 Kb4
65. c8=Q Qe3+ 66. Qb6 Qa3+ 67. Qca6 1-0

[Event "February Lviv Tradition (IM-Group)"]
[Site "Lviv"]
[Date "2020.02.20"]
[Round "6.4"]
[White "Shkuran, Danylo"]
[Black "Bets, Anatolij"]
[Result "1/2-1/2"]
[WhiteElo "2329"]
[BlackElo "2249"]
[PlyCount "60"]
[EventDate "2020.02.17"]
[EventType "tourn"]
[EventRounds "9"]
[EventCountry "UKR"]
[EventCategory "1"]

1. e4 c6 2. d4 d5 3. Nc3 dxe4 4. Nxe4 Bf5 5. Ng3 Bg6 6. Nf3 Nd7 7. h4 h6 8. h5
Bh7 9. Bd3 Bxd3 10. Qxd3 e6 11. Bd2 Ngf6 12. O-O-O Be7 13. Kb1 O-O 14. Ne4 Nxe4
15. Qxe4 Nf6 16. Qe2 Qd5 17. Ne5 Qe4 18. Qxe4 Nxe4 19. Be3 Rfd8 20. c3 c5 21.
dxc5 Bxc5 22. Bxc5 Nxc5 23. f3 Kf8 24. Kc2 Ke7 25. b4 Nd7 26. Nxd7 Rxd7 27.
Rxd7+ Kxd7 28. Kb3 Rg8 29. Rd1+ Kc7 30. g4 g6 $11 1/2-1/2

[Event "February Lviv Tradition (IM-Group)"]
[Site "Lviv"]
[Date "2020.02.20"]
[Round "6.5"]
[White "Roshka, Yevgeniy"]
[Black "Vakulenko, Oleksandr"]
[Result "0-1"]
[WhiteElo "2456"]
[BlackElo "2262"]
[PlyCount "88"]
[EventDate "2020.02.17"]
[EventType "tourn"]
[EventRounds "9"]
[EventCountry "UKR"]
[EventCategory "1"]

1. Nf3 d5 2. g3 Bg4 3. Bg2 Nd7 4. h3 Bh5 5. O-O c6 6. d3 Ngf6 7. Nbd2 e5 8. e4
Bd6 9. Qe1 O-O 10. Nh2 Re8 11. f4 exf4 12. gxf4 dxe4 13. dxe4 Bc5+ 14. Kh1 Nxe4
15. Nxe4 f5 16. b4 Bf8 17. Qg3 fxe4 18. Bb2 Qe7 19. f5 Qxb4 20. Bc3 Qc5 21. f6
Bg6 22. Ng4 Re6 23. Rf5 Qxf5 24. Rf1 Qg5 25. h4 Qh5 26. Bh3 Rae8 27. fxg7 Bxg7
28. Bxg7 Kxg7 29. Ne3 Qe5 30. Qg2 Rf8 31. Rd1 Rd6 32. Rg1 Nf6 33. Nf5+ Kh8 34.
Qg5 Rd7 35. Qh6 Rg8 36. Ne3 Rdg7 37. Rg5 Qe7 38. Bf1 Nd5 39. Ng4 Bf5 40. Nf2
Rxg5 41. hxg5 Qxg5 42. Qh2 e3 43. Qe5+ Nf6 44. Nh3 Be4+ 0-1

[Event "February Lviv Tradition (IM-Group)"]
[Site "Lviv"]
[Date "2020.02.20"]
[Round "7.1"]
[White "Vakulenko, Oleksandr"]
[Black "Kowalski, Igor"]
[Result "1/2-1/2"]
[WhiteElo "2262"]
[BlackElo "2332"]
[PlyCount "65"]
[EventDate "2020.02.17"]
[EventType "tourn"]
[EventRounds "9"]
[EventCountry "UKR"]
[EventCategory "1"]

1. d4 e6 2. c4 f5 3. Nf3 Nf6 4. g3 d5 5. Bg2 Bd6 6. O-O O-O 7. Nc3 c6 8. Qc2
Ne4 9. c5 Bc7 10. Bf4 Nd7 11. b4 Bxf4 12. gxf4 Rf6 13. a4 Rh6 14. Ra3 Qc7 15.
Nxe4 fxe4 16. Ne5 Nxe5 17. fxe5 Qe7 18. f3 Qh4 19. h3 Qg3 20. Qc1 Rxh3 21. fxe4
Qxa3 22. Bxh3 Qxc1 23. Rxc1 dxe4 24. b5 Kf7 25. bxc6 bxc6 26. Rb1 Ba6 27. Kf2
Ke7 28. Ke3 Rf8 29. Bg2 g6 30. Bxe4 Kd7 31. Rh1 Rf7 32. Kd2 Kc7 33. Rh2 1/2-1/2

[Event "February Lviv Tradition (IM-Group)"]
[Site "Lviv"]
[Date "2020.02.20"]
[Round "7.3"]
[White "Malynovskyi, Rostyslav"]
[Black "Shkuran, Danylo"]
[Result "0-1"]
[WhiteElo "2238"]
[BlackElo "2329"]
[PlyCount "106"]
[EventDate "2020.02.17"]
[EventType "tourn"]
[EventRounds "9"]
[EventCountry "UKR"]
[EventCategory "1"]

1. d4 d5 2. c4 c6 3. Nf3 Nf6 4. e3 e6 5. Nc3 Nbd7 6. Qc2 Bd6 7. Bd3 Qe7 8. O-O
O-O 9. c5 Bc7 10. e4 dxe4 11. Nxe4 Nxe4 12. Bxe4 h6 13. Re1 Nf6 14. Bd3 Rd8 15.
Bd2 b6 16. b4 a5 17. cxb6 Bxb6 18. Qxc6 Qa7 19. bxa5 Bxa5 20. Bxa5 Qxa5 21.
Rec1 Ba6 22. Bxa6 Rxa6 23. Qc5 Rda8 24. Qxa5 Rxa5 25. Rc2 Nd5 26. g3 Nb4 27.
Rb2 Rxa2 28. Rbxa2 Rxa2 29. Rxa2 Nxa2 30. Kg2 Nb4 31. Nd2 Nc6 32. Nb3 Kf8 33.
Kf3 Ke7 34. Ke3 Kd6 35. f3 Kd5 36. Kd3 g5 37. Kc3 e5 38. dxe5 Nxe5 39. Nd4 h5
40. f4 gxf4 41. gxf4 Ng4 42. Nf3 Ke4 43. Ng5+ Kxf4 44. Nxf7 Nxh2 45. Kd2 h4 46.
Nh6 Kg5 47. Nf7+ Kf6 48. Nh6 Kg6 49. Ng8 Ng4 50. Ke2 Kf7 51. Kf3 Ne5+ 52. Kg2
Kxg8 53. Kh3 Ng6 0-1

[Event "February Lviv Tradition (IM-Group)"]
[Site "Lviv"]
[Date "2020.02.20"]
[Round "7.5"]
[White "Kryvoruchko, Vita"]
[Black "Kagramanianz, Vartan"]
[Result "0-1"]
[WhiteElo "2146"]
[BlackElo "2238"]
[PlyCount "104"]
[EventDate "2020.02.17"]
[EventType "tourn"]
[EventRounds "9"]
[EventCountry "UKR"]
[EventCategory "1"]

1. e4 c5 2. Nf3 Nc6 3. d4 cxd4 4. Nxd4 e5 5. Nb5 a6 6. Nd6+ Bxd6 7. Qxd6 Qe7 8.
Qd1 Nf6 9. Nc3 d6 10. Bg5 Be6 11. Qd2 h6 12. Be3 O-O 13. f3 b5 14. O-O-O Rfd8
15. Nd5 Bxd5 16. exd5 Nb8 17. g4 Nbd7 18. g5 hxg5 19. Bxg5 Re8 20. Rg1 e4 21.
fxe4 Nc5 22. Qd4 Kf8 23. Bd3 Qe5 24. Qxe5 dxe5 25. Bxf6 gxf6 26. Rgf1 Ke7 27.
d6+ Ke6 28. Be2 Rg8 29. h3 Nxe4 30. Bg4+ Rxg4 31. hxg4 Nxd6 32. Rf2 Rg8 33.
Rxf6+ Kxf6 34. Rxd6+ Kg5 35. Rxa6 Kxg4 36. Rb6 e4 37. Kd2 f5 38. Ke3 b4 39.
Rxb4 Rh8 40. a4 Rh3+ 41. Kd4 Rh2 42. Rc4 Kf4 43. a5 e3 44. a6 Rh7 45. Rc6 Re7
46. Rh6 e2 47. Rh1 Rd7+ 48. Kc5 Rd1 49. a7 Rxh1 50. a8=Q e1=Q 51. Qa4+ Qe4 52.
c4 Qe5+ 0-1

[Event "February Lviv Tradition (IM-Group)"]
[Site "Lviv"]
[Date "2020.02.21"]
[Round "8.2"]
[White "Sydoryka, Vladyslav"]
[Black "Kryvoruchko, Vita"]
[Result "1-0"]
[WhiteElo "2318"]
[BlackElo "2146"]
[PlyCount "121"]
[EventDate "2020.02.17"]
[EventType "tourn"]
[EventRounds "9"]
[EventCountry "UKR"]
[EventCategory "1"]

1. Nf3 c5 2. c4 Nc6 3. Nc3 e5 4. g3 g6 5. Bg2 Bg7 6. O-O Nge7 7. Ne1 O-O 8. Nc2
d6 9. Rb1 Be6 10. Ne3 Rb8 11. d3 a6 12. Bd2 b5 13. Ncd5 Qd7 14. Re1 Bh3 15. Bh1
f5 16. Nxe7+ Nxe7 17. Nd5 f4 18. b4 Nf5 19. e3 fxg3 20. hxg3 Nh6 21. bxc5 dxc5
22. e4 b4 23. Be3 Qd6 24. f3 Bd7 25. Rb2 Nf7 26. Rh2 a5 27. Qd2 a4 28. Qf2 Rfc8
29. Bg2 b3 30. a3 b2 31. Rb1 Rb3 32. Rxb2 Rxa3 33. Rb6 Qf8 34. Bf1 Rb3 35. Qa2
Nd8 36. Rxb3 axb3 37. Qxb3 Qxf3 38. Ne7+ Kh8 39. Nxg6+ Kg8 40. Ne7+ Kh8 41. Bf2
Ra8 42. Qb2 Bg4 43. Nf5 Bxf5 44. Be2 Ra1+ 45. Qxa1 Qxe2 46. exf5 Qxd3 47. Qa8
e4 48. Qd5 Qxd5 49. cxd5 Bd4 50. Bxd4+ cxd4 51. Rh4 Kg7 52. Rxe4 Kf6 53. g4 h5
54. gxh5 Kxf5 55. Re7 Kf6 56. Rd7 Nf7 57. Rxf7+ Kxf7 58. Kf2 Kf6 59. h6 Kg6 60.
d6 Kxh6 61. d7 1-0

[Event "February Lviv Tradition (IM-Group)"]
[Site "Lviv"]
[Date "2020.02.21"]
[Round "8.4"]
[White "Roshka, Yevgeniy"]
[Black "Malynovskyi, Rostyslav"]
[Result "1-0"]
[WhiteElo "2456"]
[BlackElo "2238"]
[PlyCount "79"]
[EventDate "2020.02.17"]
[EventType "tourn"]
[EventRounds "9"]
[EventCountry "UKR"]
[EventCategory "1"]

1. e4 c5 2. Nf3 Nc6 3. g3 g6 4. Bg2 Bg7 5. O-O e5 6. c3 Nge7 7. a3 d6 8. b4 a6
9. d3 O-O 10. Bb2 h6 11. Nbd2 f5 12. exf5 Bxf5 13. Qe2 b6 14. Nh4 Bd7 15. Rae1
g5 16. Nhf3 Ng6 17. Qe4 Nce7 18. h3 Rc8 19. c4 Bf5 20. Qe2 Qd7 21. Kh2 Nc6 22.
Ne4 Rce8 23. Qd1 Nd4 24. Nxd4 exd4 25. Bc1 Be5 26. Qh5 Bg7 27. f4 gxf4 28. gxf4
Ne7 29. Bf3 Bg6 30. Qg4 Bf5 31. Qh4 Kh8 32. Rg1 Ng8 33. Qh5 Re7 34. Bg4 a5 35.
bxa5 bxa5 36. Bd2 a4 37. Bxf5 Rxf5 38. Qg6 Nf6 39. Ng3 Rxe1 40. Rxe1 1-0

[Event "February Lviv Tradition (IM-Group)"]
[Site "Lviv"]
[Date "2020.02.21"]
[Round "8.5"]
[White "Vakulenko, Oleksandr"]
[Black "Bets, Anatolij"]
[Result "1-0"]
[WhiteElo "2262"]
[BlackElo "2249"]
[PlyCount "55"]
[EventDate "2020.02.17"]
[EventType "tourn"]
[EventRounds "9"]
[EventCountry "UKR"]
[EventCategory "1"]

1. d4 Nf6 2. c4 e6 3. Nc3 Bb4 4. e3 d5 5. cxd5 exd5 6. Qa4+ Nc6 7. Bd3 O-O 8.
Nge2 Bd6 9. a3 Ne7 10. Qc2 g6 11. Nb5 Bf5 12. f3 Bxd3 13. Qxd3 Re8 14. e4 dxe4
15. fxe4 Nxe4 16. Qxe4 Nf5 17. Qd3 Qh4+ 18. Kd1 Rxe2 19. Qxe2 Nxd4 20. Nxd4
Qxd4+ 21. Kc2 Qa4+ 22. b3 Qc6+ 23. Kb1 Re8 24. Qc2 Qb5 25. Rd1 Re2 26. Rd2 Re1
27. Ka2 Qa5 28. Bb2 1-0

[Event "February Lviv Tradition (IM-Group)"]
[Site "Lviv"]
[Date "2020.02.22"]
[Round "9.3"]
[White "Bognar, Csaba Dr"]
[Black "Roshka, Yevgeniy"]
[Result "0-1"]
[WhiteElo "2128"]
[BlackElo "2456"]
[PlyCount "104"]
[EventDate "2020.02.17"]
[EventType "tourn"]
[EventRounds "9"]
[EventCountry "UKR"]
[EventCategory "1"]

1. e4 c5 2. Nf3 d6 3. Bb5+ Bd7 4. Bxd7+ Qxd7 5. O-O Nc6 6. c3 Nf6 7. d3 e6 8.
h3 Be7 9. Bf4 O-O 10. Nbd2 b5 11. Qe2 Qb7 12. Bg3 Rfd8 13. Rfd1 h6 14. Bh2 Rac8
15. a3 Nd7 16. Nf1 Nb6 17. Rab1 a6 18. Bf4 d5 19. Ng3 Bf8 20. e5 a5 21. Nh5 Ne7
22. Nh4 d4 23. Bd2 a4 24. Qg4 Kh8 25. Qf4 Ng6 26. Qg3 Nxh4 27. Qxh4 Nd5 28. Qe4
Rd7 29. cxd4 cxd4 30. Rdc1 Rxc1+ 31. Rxc1 Rc7 32. Qe1 Qb8 33. Nf4 Ne7 34. Rxc7
Qxc7 35. Bb4 Qc2 36. g3 Qxb2 37. Bd6 Kg8 38. Qa5 Qc1+ 39. Kg2 Qc3 40. Qxb5 Qc6+
41. Qxc6 Nxc6 42. Kf3 Bxd6 43. exd6 g6 44. h4 Kf8 45. h5 g5 46. Ne2 f5 47. g4
Kf7 48. Kg3 f4+ 49. Nxf4 gxf4+ 50. Kxf4 Kf6 51. Ke4 e5 52. Kd5 Nd8 0-1